Catálogo público

Preparación de tierras agrícolas / (Record no. 217523)

MARC details
000 -CABECERA
campo de control de longitud fija 00909 a2200253 4500
003 - IDENTIFICADOR DEL NÚMERO DE CONTROL
campo de control OSt
005 - FECHA Y HORA DE LA ÚLTIMA TRANSACCIÓN
campo de control 20230420115947.0
008 - DATOS DE LONGITUD FIJA--INFORMACIÓN GENERAL
campo de control de longitud fija 220811b2013 mx ad||f |||| 001 0 spa d
020 ## - NÚMERO INTERNACIONAL ESTÁNDAR DEL LIBRO
Número Internacional Estándar del Libro 9786071713803
040 ## - FUENTE DE LA CATALOGACIÓN
Centro/agencia transcriptor CHAP
082 00 - NÚMERO DE LA CLASIFICACIÓN DECIMAL DEWEY
Número de clasificación 631.51
Número de documento/Ítem P92 2013
Número de edición 22
245 00 - MENCIÓN DE TÍTULO
Título Preparación de tierras agrícolas /
Mención de responsabilidad, etc. basado en el trabajo de Johan D. Berlijn, con la colaboración de Pieter M.Rijk, [ y otros].
250 ## - MENCIÓN DE EDICIÓN
Mención de edición Cuarta edición
264 #1 - PRODUCCIÓN, PUBLICACIÓN, DISTRIBUCIÓN, FABRICACIÓN Y COPYRIGHT
Producción, publicación, distribución, fabricación y copyright México:
Nombre del de productor, editor, distribuidor, fabricante Trillas:
-- SEP,
Fecha de producción, publicación, distribución, fabricación o copyright 2013.
300 ## - DESCRIPCIÓN FÍSICA
Extensión 72 páginas
Otras características físicas ilustraciones, cuadros, gráficas
490 1# - MENCIÓN DE SERIE
Mención de serie Manuales para educación agropecuaria.
504 ## - NOTA DE BIBLIOGRAFÍA, ETC.
Nota de bibliografía, etc. Incluye índice y bibliografía
650 #4 - PUNTO DE ACCESO ADICIONAL DE MATERIA--TÉRMINO DE MATERIA
9 (RLIN) 110431
Término de materia o nombre geográfico como elemento de entrada Suelos
Subdivisión general Mejoramiento
650 #4 - PUNTO DE ACCESO ADICIONAL DE MATERIA--TÉRMINO DE MATERIA
9 (RLIN) 64303
Término de materia o nombre geográfico como elemento de entrada Labranza
650 #4 - PUNTO DE ACCESO ADICIONAL DE MATERIA--TÉRMINO DE MATERIA
9 (RLIN) 133360
Término de materia o nombre geográfico como elemento de entrada Suelos
Subdivisión general Nutrición
700 1# - PUNTO DE ACCESO ADICIONAL--NOMBRE DE PERSONA
9 (RLIN) 151764
Nombre de persona Berlijin, Johan D
830 #0 - PUNTO DE ACCESO ADICIONAL DE SERIE-TÍTULO UNIFORME
9 (RLIN) 70691
Título uniforme Manuales para educación agropecuaria.
Nombre de parte o sección de la obra Mecánica agrícola
942 ## - ELEMENTOS DE PUNTO DE ACCESO ADICIONAL (KOHA)
Fuente del sistema de clasificación o colocación Dewey Decimal Classification
Tipo de ítem Koha Libro
Holdings
Estado de retiro Estado de pérdida Fuente del sistema de clasificación o colocación Estado dañado Restricciones de uso No para préstamo Código de colección Localización permanente Ubicación/localización actual Fecha de adquisición Total de préstamos Signatura topográfica completa Código de barras Fecha visto por última vez Fecha del último préstamo Precio válido a partir de Tipo de ítem Koha Número de copia
    Dewey Decimal Classification   Préstamo 15 días   General Biblioteca Central Biblioteca Central 18/04/2023 1 631.51 P92 2013 33724002567850 08/05/2024 06/05/2024 18/04/2023 Libro  
    Dewey Decimal Classification   Préstamo 15 días   General Biblioteca Central Biblioteca Central 18/04/2023   631.51 P92 2013 33724002567892 18/04/2023   18/04/2023 Libro c.2